000 00314 a2200133 4500
999 _c322986
_d322986
001 87913
003 NUST
082 _a891.4393 FAS
100 _aFasih-ud-Din
_99755
245 _aKhama Ba Josh
_cFasih ud Din
_hUrdu
250 _a3rd
260 _aQuetta
_bGosha-e-Adab
_cSep 2013
300 _a420p
942 _aCAE NUST
_cBK
_k891.4393 FAS
_2ddc